00617nam a2200133Ia 4500008004100000100001400041245014400055245001400199260004400213260000900257300001200266650001300278856019200291170221s9999 xx 000 0 und d aTagoe NA. aWho Regulates the Mobile Money Operations by Telco ’s? The Need for an Effective and Robust Legislative and Regulatory Framework in Ghana cTagoe NA. bJournal of Business & Financial Affairs c2016 a15 : 21 xBusiness uhttp://www.omicsgroup.org/journals/who-regulates-the-mobile-money-operations-by-telco-s-the-needfor-an-effective-and-robust-legislative-and-regulatory-framework-ingh-2167-0234-1000208.pdf